00381nam a2200121Ia 4500008004100000082000900041100002600050245005300076260001800129365000600147630005300153730005300206100415s9999 xx 000 0 und d b7522 aKonigsson,Lars- Konig aThe Holocene History Of The Great Alvar Of Oland aUPPSALAc1968 b0 aThe Holocene History Of The Great Alvar Of Oland aThe Holocene History Of The Great Alvar Of Oland